Pénzügyi képességek és a mélyszegény, szegregált roma családok pénzügyi helyzete

Financial inclusion is often seen by policy makers as a tool for social inclusion, while financial literacy is seen as an important tool to support financial inclusion. Along this logic, financial inclusion and the well-being of spatially segregated, stigmatised and extremely poor groups of society...

Teljes leírás

Elmentve itt :
Bibliográfiai részletek
Szerzők: Kosztopulosz Andreász
Méreiné Berki Boglárka
Málovics György
Dokumentumtípus: Cikk
Megjelent: 2024
Sorozat:KÖZGAZDASÁGI SZEMLE 71 No. 7-8
Tárgyszavak:
doi:10.18414/KSZ.2024.7-8.850

mtmt:35157286
Online Access:http://publicatio.bibl.u-szeged.hu/34724
LEADER 02074nab a2200253 i 4500
001 publ34724
005 20240927082237.0
008 240927s2024 hu o 000 hun d
022 |a 0023-4346 
024 7 |a 10.18414/KSZ.2024.7-8.850  |2 doi 
024 7 |a 35157286  |2 mtmt 
040 |a SZTE Publicatio Repozitórium  |b hun 
041 |a hun 
100 1 |a Kosztopulosz Andreász 
245 1 0 |a Pénzügyi képességek és a mélyszegény, szegregált roma családok pénzügyi helyzete  |h [elektronikus dokumentum] /  |c  Kosztopulosz Andreász 
260 |c 2024 
300 |a 850-874 
490 0 |a KÖZGAZDASÁGI SZEMLE  |v 71 No. 7-8 
520 3 |a Financial inclusion is often seen by policy makers as a tool for social inclusion, while financial literacy is seen as an important tool to support financial inclusion. Along this logic, financial inclusion and the well-being of spatially segregated, stigmatised and extremely poor groups of society can be supported through the development of financial literacy. In our study, we explore the validity of this chain of logic, building on a long-term collaborative process, based on semi-structured in-depth individual interviews and qualitative observations. Our conclusion is that the above chain of logic (financial literacy → financial inclusion → well-being) reflects a middle-class perspective and as such is rather provincial, as there are a number of subsistence strategies in the communities concerned that cannot be measured and interpreted by conventional approaches to financial literacy. Thus, in order to effectively promote the social inclusion of those concerned, one should focus on the specific social conversion factors, as emphasised by the concept of financial capability, related to segregation, poverty and stigmatisation. 
650 4 |a Közgazdasági és gazdálkodástudományok 
650 4 |a Szociológia 
700 0 2 |a Méreiné Berki Boglárka  |e aut 
700 0 2 |a Málovics György  |e aut 
856 4 0 |u http://publicatio.bibl.u-szeged.hu/34724/1/EPA00017_kozgazdasagi_szemle_2024_07-08_850-874.pdf  |z Dokumentum-elérés